Vergleich der Steuersysteme Slowakei- Tschechische Republik diplomová práca

Na minha lista:
Detalhes bibliográficos
Autor principal: Kafka, Richard
Autor Corporativo: Ekonomická univerzita v Bratislave. Ústav medzinárodných programov
Outros Autores: Vavrová, Katarína, 1960-
Formato: Livro
Idioma:alemão
Publicado em: Bratislava 2012
Tags: Adicionar Tag
Sem tags, seja o primeiro a adicionar uma tag!

MARC

LEADER 00000nam$a2200000$$$4500
001 0166245
005 20240318115043.3
041 0 |a ger 
044 |a SK 
245 1 0 |a Vergleich der Steuersysteme Slowakei- Tschechische Republik  |b diplomová práca  |c Richard Kafka ; školiteľ: Katarína Vavrová 
264 1 |a Bratislava  |c 2012 
300 |a 60 s. 
500 |a Celouniverzitný študijný program: Medzinárodný finančný manažment (Internationales Finanzmanagement) 
100 1 |a Kafka, Richard 
700 1 |a Vavrová, Katarína, 1960- 
710 2 |a Ekonomická univerzita v Bratislave. Ústav medzinárodných programov